[Event "Belfort Comtois 4th"]
[Site "Belfort"]
[Date "1999.12.17"]
[Round "5"]
[White "Fedorov, Alexei"]
[Black "Gurevich, Mikhail"]
[Result "1/2-1/2"]
[WhiteElo "2659"]
[BlackElo "2643"]
[Annotator "Finkel,A"]
[PlyCount "64"]
[EventDate "1999.12.13"]
[EventType "tourn"]
[EventRounds "6"]
[EventCountry "FRA"]
[EventCategory "15"]
[SourceTitle "CBM 075"]
[Source "ChessBase"]
[SourceDate "2000.04.05"]
[SourceVersion "1"]
[SourceVersionDate "2000.04.05"]
[SourceQuality "1"]

1. e4 e6 2. d4 d5 3. Nc3 Nf6 4. e5 Nfd7 5. f4 c5 6. Nf3 Nc6 7. Be3 cxd4 8. Nxd4
Bc5 9. Qd2 Bxd4 10. Bxd4 Nxd4 11. Qxd4 Qb6 12. Qxb6 Nxb6 13. Nb5 {This move is
the main line of the variation in which were played 1000's of games and M.
Gurevich made a great contribution to these numbers.He is cosidered one of the
best experts in this variation and to beat him in it is extremly difficult
task.} (13. O-O-O a6 14. Bd3 Bd7 15. Ne2 Nc8 16. Nd4 Ne7 17. Rhf1 Nc6 18. Nxc6
Bxc6 19. f5 Bd7 20. f6 g6 21. Rf3 $36 {Hartmann,G-Moors,H/BL/1986}) (13. Bd3
Ke7 14. O-O-O Bd7 15. Rhf1 Bc6 16. Ne2 f6 17. exf6+ gxf6 18. Nd4 Kd6 19. Rde1
Rae8 20. g4 $5 $36 {Nijboer,F-Gurevich,M/Groningen/1992}) (13. a4 {/\ a5} a5
14. Nb5 Ke7 15. b3 f6 $5 16. exf6+ gxf6 17. Kd2 Bd7 18. Re1 Bxb5 19. Bxb5 Nc8
20. c4 Nb6 $5 21. cxd5 Nxd5 22. g3 Rhd8 23. Kc1 Rac8+ 24. Bc4 $10 {Georgiev,Kir
}) 13... Ke7 14. Bd3 (14. Nd4 Bd7 15. Bd3 {-> 14.Bd3}) (14. b3 $5 Bd7 15. Nd4
a6 16. Bd3 g6 17. Kd2 h5 18. g3 Rac8 19. a4 $14) (14. a4 $5 Bd7 15. a5 Bxb5 16.
Bxb5 Nd7 17. b4 Rac8 18. Kd2 g5 $1 $132 {Luther,T-Mueller,K/Altensteig 1992 
(32)}) (14. h4 h5 15. Rh3 $5 Bd7 16. Nd4 g6 17. b3 a6 18. Rc3 Rhc8 19. Kd2 $14
{Gallagher,J-Kelecevic,N/Biel Credis 1996 (43)}) (14. Kd2 Bd7 15. Nd4 Na4 16.
b3 Nc5 17. Bd3 g6 18. a4 $5 a5 19. Raf1 h5 20. g3 Rag8 21. h4 $14 {Ehlvest,
J-Gurevich,M/Linares 1991/1/2-1/2 (49)}) (14. O-O-O Bd7 15. Nd4 Rac8 (15... a6
16. Bd3 Nc8 17. g4 Na7 18. Rhg1 Nc6 19. c3 Rac8 20. Be2 b5 21. Nxc6+ Bxc6 22.
Rd4 f6 $11 {Shmuter,L-Dickenson,N/EUCup Gr4 1995 (28)}) (15... h5 16. g3 Na4 $6
17. Bd3 Nc5 18. h3 Rag8 19. Rhf1 g6 20. Kd2 Be8 21. Rc1 $14 {Chandler,M-Short,
N/Hastings A1 1988}) 16. b3 f5 $6 17. Bd3 Rcg8 18. g3 g5 19. Rdg1 h5 20. Kd2
Rg7 21. Ke3 $14 {Pax,H-Mattern,M/RL-ch 1993 (35)}) 14... Bd7 15. Nd4 Na4 (15...
a6 16. Kd2 h5 17. b3 g6 18. a4 Nc8 19. b4 Na7 20. b5 $14 {De Firmian,
N-Dolmatov,S/Reykjavik op 1990}) 16. O-O-O g6 $5 {The idea behind this move is
to play h5 and to change the pawns on the kingside if white will prepare f5.} (
16... Nc5 {This is considered to be the main line of variation.} 17. Kd2 (17.
Rhe1 g6 (17... h5 18. Re3 Rag8 19. h4 g6 20. Kd2 Rc8 21. Ree1 Na4 $11 {Herrera,
I-Hernando Rodrigo,J/Guillermo Garcia Premier II 1999}) 18. Re3 a6 19. Be2 h5
20. Bf3 Rac8 21. b3 Rc7 22. Kb2 Rhc8 23. g3 Rh8 24. a4 $14 {Arakhamia,K-Maric,
M/Moscow olw 1994}) (17. Rhf1 Bc6 (17... g6 18. Rf3 h5 19. g3 Rag8 20. Rdf1 Be8
21. Be2 Bd7 22. Bd3 Be8 $13 {Fogarasi,T-Namgilov,S/Budapest FS03 GM 1996}) (
17... Rac8 18. Kd2 a6 (18... f6 19. Rde1 f5 20. h3 g5 21. g3 Rhg8 22. Rg1 Rcf8
23. h4 $14 {Ramsingh,Y-Schmidt,L/Novi Sad olm 1990 (28)}) 19. Rf3 h5 20. Rdf1
g6 21. g3 Na4 22. b3 Nc5 23. h3 Rc7 24. a4 a5 25. R1f2 Rcc8 $11 {Zelcic,
R-Dreev,A/FIDE WCh KO g/15+10 1999}) (17... g5 $6 18. f5 Nxd3+ (18... Rac8 19.
Kd2 h6 $5) 19. cxd3 exf5 20. Nxf5+ Bxf5 21. Rxf5 $14 {Lutz,C-Luther,T/GER-ch
1998}) 18. Rf3 Nd7 19. Re3 Rhc8 20. f5 g6 21. g4 gxf5 22. gxf5 Rg8 $11 {
Clerides,P-Elbilia,J/Erevan olm 1996}) (17. Rde1 h5 18. g3 Rag8 19. h4 g6 20.
Rh2 Rc8 {1/2-1/2 Lau,R-Kindermann,S/Lippstadt 1993}) (17. h4 h5 18. Kd2 a6 19.
a3 g6 20. b4 Na4 21. c4 dxc4 22. Bxc4 Rhd8 23. Ke3 $14 {De Firmian,
N-Christiansen,L/VISA GP 1998}) 17... h5 (17... g5 {[#]} 18. fxg5 Rag8 19. h4
h6 20. Nf3 hxg5 21. hxg5 (21. Nxg5 Rxh4 22. Rxh4 Rxg5 23. g4 Rxe5 24. Rh5 Ne4+
{[#]} 25. Bxe4 Rxe4 $13 {De Firmian,N-Andersson,U/Biel 1990}) 21... Rxh1 22.
Rxh1 Ne4+ 23. Ke3 Nxg5 24. Rh5 Nxf3 25. gxf3 {1/2-1/2 Nunn,J-Andersson,U/Wijk
1990}) 18. Rhf1 h4 19. Rf2 Rac8 20. Rdf1 f5 21. Ke3 g5 22. fxg5 Rcg8 23. b4 $14
{Nunn,J-Hjartarson,J/Linares 1988}) (16... h5 17. h4 g6 18. c3 Rac8 19. Bc2 Nb6
20. Rh3 Nc4 21. b3 Na5 22. Kb2 $14 {Fontaine,R-Gurevich,M/ch-FRA (team) 1999})
17. Rdf1 h5 18. g3 a6 19. Rf3 (19. Kd2 Rac8 20. c3 b5 21. Rc1 Rc7 22. b3 Nc5
$11) 19... Rac8 20. h3 Rc7 21. Rhf1 Nb6 22. Kd2 {This move is a draw proposal,
but white has reached nothing in the opening.} (22. b3 $5) 22... Nc4+ 23. Bxc4
dxc4 $5 $11 {[%cal Gc7c5,Gc5d5]} (23... Rxc4 24. c3 a5) 24. Ke3 Rc5 25. c3 (25.
b4 Rd5 26. c3 a5 27. a3 Ra8 $11) 25... Ra5 26. a3 Rd5 27. h4 Ba4 28. R3f2 Rhd8
29. Rg2 Kd7 30. Rd2 Ke7 31. Rg1 Bc6 32. Rgd1 Ba4 1/2-1/2

[Event "Cuernavaca Young Masters"]
[Site "Cuernavaca"]
[Date "2006.02.07"]
[Round "5"]
[White "Dominguez Perez, Leinier"]
[Black "Nakamura, Hikaru"]
[Result "1-0"]
[WhiteElo "2638"]
[BlackElo "2644"]
[Annotator "Finkel,A"]
[PlyCount "131"]
[EventDate "2006.02.03"]
[EventType "tourn"]
[EventRounds "9"]
[EventCountry "MEX"]
[EventCategory "16"]
[SourceTitle "CBM 112"]
[Source "ChessBase"]
[SourceDate "2006.06.07"]
[SourceVersion "1"]
[SourceVersionDate "2006.06.07"]
[SourceQuality "1"]

{[%mdl 8192]} 1. e4 e6 2. d4 d5 3. Nc3 Nf6 4. e5 Nfd7 5. f4 c5 6. Nf3 Nc6 7.
Be3 cxd4 8. Nxd4 Bc5 9. Qd2 O-O 10. g3 {A quite poisonous set-up in which
White scores extremely well.} (10. Be2 a6 11. O-O Nxd4 12. Bxd4 Qb6 13. Bxc5
Qxc5+ 14. Kh1 b5 15. Bd3 Nb6 16. b3 Bb7 $13 {Rayner,F-Daly,C/Debrecen 1992/
EU-chT}) (10. Bb5 Qc7 11. O-O a6 12. Be2 Nxd4 13. Bxd4 b6 14. Rad1 Nb8 15. Qe3
Bd7 16. Kh1 $14 {Shaposhnikov,E-Labollita,M/Szeged 1994}) 10... Nxd4 (10... Qe7
11. O-O-O Nb6 12. Nb3 Bxe3 13. Qxe3 Bd7 14. Kb1 Rfc8 15. g4 Nb4 $1 16. Nd4 Rc5
17. a3 $14 {Kasparov,G-Shirov,A/Astana 2001}) (10... a6 11. Bh3 Nxd4 12. Bxd4
b5 13. O-O Qb6 14. Ne2 b4 $5 15. a3 $6 (15. Rfd1 a5 16. Bxc5 Nxc5 17. Nd4 Ba6
18. Qe3 $14) 15... Rb8 16. axb4 Qxb4 17. Qe3 Bxd4 18. Nxd4 Qxb2 $13 {Milos,
G-Leitao,R/Sao Paulo 2002}) 11. Bxd4 Bxd4 {Black has better counterchances if
White's king is on the queenside, so it's the right decision to take on d4
right away. Otherwise White could've played Ne2 with idea to take on d4 with
the knight.} (11... a6 12. Bg2 b5 13. Ne2 a5 14. a3 Bb7 (14... Bxd4 15. Nxd4
Qb6 16. O-O Nc5 17. g4 Bb7 18. Rad1 b4 19. f5 exf5 20. gxf5 Rae8 21. axb4 axb4
22. Qf4 $16 {Gofshtein,L-Gurevich,M/Noyon 2001}) 15. O-O Qb6 16. b4 Bxd4+ 17.
Nxd4 axb4 18. axb4 {[%csl Rb7]} Ra4 19. Kh1 Nb8 20. f5 $1 $40 {Dominguez,
L-Glek,I/Esbjerg 2002}) 12. Qxd4 Nb8 13. O-O-O Nc6 14. Qc5 $5 {Intending to
disrupt Black's play on the queenside. On the other hand White is wasting
quite a few tempi on moving his queen, so it shouldn't be too dangerous for
Black.} (14. Qf2 Bd7 15. Kb1 Qa5 16. Bd3 Rfc8 17. Qe1 Nb4 18. a3 Nxd3 19. Rxd3
Rc4 20. Qd2 Rac8 21. Ne2 Qxd2 22. Rxd2 $14 {Anand,V-Shirov,A/Leon 2001}) 14...
Bd7 15. Kb1 Rc8 16. Qd6 Na5 $6 (16... Nb8 $5 {[%csl Gd7] deserved attention:}
17. Bd3 Qa5 18. Rhf1 Rfd8 19. Qe7 Nc6 20. Qh4 h6 $132 {[%cal Gc6b4,Gd5d4]}) 17.
Bd3 Rc6 18. Qa3 a6 19. Ne2 b5 (19... Nc4 20. Bxc4 Rxc4 21. Nd4 Qb6 22. Qe3 Rfc8
23. g4 $14) 20. Nd4 Rc8 21. Rhe1 Re8 (21... Nc4 22. Bxc4 bxc4 23. Re3 $14 {
[%cal Gh2h5,Gg3g4]}) 22. Nf3 Qb6 23. Qb4 Nb7 $5 24. g4 Nc5 25. Qd2 b4 26. f5
Nxd3 27. f6 $1 Qc5 $2 {This move is a strategical resignation. It was
necessary to play} (27... Nxe5 $1 {with very sharp play.} 28. Nxe5 Ba4 29. b3 (
29. Qg5 Bxc2+ 30. Ka1 Bg6 31. fxg7 Qd8 $17) 29... gxf6 30. Nd3 Bb5 31. Nf4 Kh8
32. Nh5 Rg8 33. Nxf6 Rg7 $13) 28. cxd3 Qf8 29. Nd4 $16 a5 (29... gxf6 30. exf6
Kh8 31. Re5 $18 {[%csl Rh8][%cal Ge5g5,Gg5g7]}) 30. Rc1 h6 31. g5 $1 g6 32. h4
{Sealing the kingside.} h5 33. Rxc8 Rxc8 34. Rc1 Ba4 35. Qe3 Qd8 36. b3 Bd7 37.
Rxc8 Qxc8 38. Nc2 Bb5 39. Kc1 Qc3 40. Qd4 Qc7 (40... Bxd3 41. Qxc3 bxc3 42. Nd4
Kf8 43. a3 Ke8 44. b4 axb4 45. axb4 Kd7 46. b5 Kc8 47. b6 Kb7 48. Nxe6 $18) 41.
Kd2 $6 Bd7 42. Kc1 Kf8 43. Kb2 Ke8 44. a3 bxa3+ 45. Nxa3 Kd8 46. Nc2 {The
minor pieces endgame is easily winning for White so Black has got no chance to
survive.} Kc8 (46... Ke8 47. Qc3 Qb6 48. d4 Bc6 49. Qc5 Qxc5 50. dxc5 Kd8 51.
Nd4 $18) 47. Qc3 Kb7 48. Qxc7+ Kxc7 49. Kc3 Kb6 50. b4 a4 (50... axb4+ 51. Kxb4
Bb5 52. Nd4 Bd7 53. Ne2 Bb5 54. Nf4 Be8 55. d4 Kc7 56. Kc5 $18) 51. Nd4 Ka6 52.
Kb2 Kb6 53. Ka3 Be8 54. Ne2 Bb5 55. Nc3 d4 (55... Bxd3 56. Nxd5+ Kb7 57. Nf4
Bf5 58. Kxa4 $18) 56. Ne2 Bxd3 57. Nxd4 Bc4 58. Kxa4 Bd5 59. Ne2 Bc6+ 60. Kb3
Bb5 61. Nf4 Be8 62. Kc4 Bb5+ 63. Kd4 Be8 64. Ne2 Bc6 65. Nc3 Bg2 66. b5 1-0

[Event "FIDE-Wch k.o."]
[Site "Las Vegas"]
[Date "1999.08.01"]
[Round "1.2"]
[White "Zelcic, Robert"]
[Black "Dreev, Alexey"]
[Result "1/2-1/2"]
[WhiteElo "2561"]
[BlackElo "2679"]
[Annotator "Finkel,A"]
[PlyCount "91"]
[EventDate "1999.07.31"]
[EventType "k.o."]
[EventRounds "7"]
[EventCountry "USA"]
[SourceTitle "CBM 072"]
[Source "ChessBase"]
[SourceDate "1999.10.01"]
[SourceVersion "1"]
[SourceVersionDate "1999.10.01"]
[SourceQuality "1"]

1. e4 e6 2. d4 d5 3. Nc3 Nf6 4. e5 Nfd7 5. f4 c5 6. Nf3 Nc6 7. Be3 cxd4 8. Nxd4
Bc5 9. Qd2 O-O 10. O-O-O a6 11. Kb1 Nxd4 (11... Qc7 $5) 12. Bxd4 b5 13. h4 (13.
g4) (13. Bxc5) 13... b4 (13... Bb7) (13... Qc7) (13... Bb7 14. h5 b4 15. Ne2 a5
16. Bxc5 Nxc5 17. Nd4 Ne4 18. Qe3 $14 {De Firmian,N-Short,N/Manila izt 1990})
14. Na4 (14. Ne2 Qb6 15. h5 a5 16. h6 g6 17. Bxc5 Nxc5 18. Qd4 Rb8 $132 {
Vehi Bach,V-Dizdar,G/Barcelona Vulca 1991}) 14... Bxd4 15. Qxd4 a5 (15... Qa5
16. b3 Bb7 17. h5 (17. Rh3 Bc6 {1/2-1/2 Ernst,T-Brynell,S/SWE-ch 1998}) 17...
Bc6 18. Nb2 Bb5 19. Bd3 Rfe8 20. f5 Qc7 21. fxe6 fxe6 $132 {Baimuratov,S-Fish,
G/Bratislava op 1993}) 16. Rh3 (16. h5 $6 {Knaak} Ba6 17. f5 $2 {>< Pe5} Qc7
$17 18. h6 Rfc8 19. Bxa6 (19. Rd2 Bxf1 20. Rxf1 Qxe5 21. Qxe5 Nxe5 22. Re2 (22.
Nb6 Nc4 23. Nxc4 Rxc4 $17) 22... Nc4 23. b3 Na3+ 24. Kb2 Ra6 $17) 19... Qxc2+
20. Ka1 Rxa6 21. Qg4 (21. fxe6 $5 Rxe6 22. Qxd5 Nxe5 (22... Qxa4 23. b3 $1) 23.
Qxa5 $17) 21... g6 22. fxg6 Qxg6 $17 {Tosic,M-Lempert,I/Alushta1 1994}) (16.
Bb5 $5 {Knaak}) 16... Qc7 17. c3 $6 ({Serious attention deserved} 17. Bb5 $5 {
,but even in this case black manages to equalize after} Rb8 (17... Rd8 18. h5
h6 19. g4 Rb8 20. Bd3 $1 $14) 18. c4 f6 19. Bxd7 Bxd7 20. Nc5 fxe5 21. fxe5
Rbc8 22. Nxd7 Qxd7 23. cxd5 Qxd5 24. Qxd5 exd5 25. Rhd3 Rf2 $11) 17... Ba6 $11
18. Bxa6 Rxa6 19. cxb4 axb4 20. Rc1 ({Too dangerous is} 20. Qxb4 $2 Rb8 21. Qd4
Qa5 22. Nc3 Rb4 23. Qf2 Nb6 $40 {and black has more than sufficient
compensation for the pawn.}) 20... Qb8 21. b3 f6 22. Re3 ({Better was} 22. exf6
$5 Nxf6 (22... Rxf6 23. g3 Qd6 24. Rh2 e5 25. fxe5 Qxe5 26. Qxe5 Nxe5 27. Rd2
$14) 23. Re3 (23. Nc5 $6 Rc6 24. Nd3 (24. Re3 $2 Qb6 $19 {[%csl Rc5][%cal
Gb6d4,Gf8c8]}) 24... Rxc1+ 25. Nxc1 Ne4 26. Ne2 Rc8 $15) 23... Ne4 24. g3 Rc8
$5 25. Rxc8+ Qxc8 26. Qxb4 Rc6 27. Qe1 Qc7 $44 {with complicated struggle.})
22... fxe5 23. fxe5 Rf2 $36 24. h5 h6 ({Also} 24... Rxg2 $5 {was worth
attention.}) 25. Qd3 $1 {[%cal Gd3g6,Gg6g4]} Ra8 (25... Ra7) 26. Qg6 Nf8 27.
Qg4 Rf5 28. Qe2 Nd7 29. Rf1 {After this accurate move game quickly comes to
the peacefull finish.} (29. Nc5 $2 Nxc5 30. Rxc5 Qf8 $1 {[%cal Gf5f2,Gf5f1]}
31. Rc2 Rf1+ 32. Kb2 Rxa2+ $1 33. Kxa2 Qa8+ $19) 29... Rxe5 30. Rxe5 Qxe5 (
30... Nxe5 $6 31. Re1 Nf7 32. Qxe6 Qb5 33. Nb2 Rd8 34. Qg6 $13) 31. Qxe5 Nxe5
32. Nc5 $11 {Regaining the material balance.} d4 (32... Rf8 33. Rxf8+ Kxf8 34.
Nxe6+ Kf7 35. Nf4 d4 36. Kc2 $11) 33. Re1 Ng4 {[%cal Gg4f6,Gf6d5,Gd5c3]} 34.
Re4 $1 Nf6 35. Rxd4 Nd5 36. Nxe6 Nc3+ 37. Kc2 Rxa2+ 38. Kd3 Rxg2 39. Rxb4 Nd5
40. Rb5 Nf6 41. b4 Rg4 42. Nd4 g6 43. Rb8+ Kf7 44. Rb7+ Ke8 45. hxg6 Rxg6 46.
Nf5 1/2-1/2

[Event "YUG-ch 55th"]
[Site "Subotica"]
[Date "2000.03.26"]
[Round "9"]
[White "Marjanovic, Slavoljub"]
[Black "Antic, Dejan"]
[Result "1/2-1/2"]
[WhiteElo "2524"]
[BlackElo "2491"]
[Annotator "Finkel,A"]
[PlyCount "89"]
[EventDate "2000.03.16"]
[EventType "tourn"]
[EventRounds "15"]
[EventCountry "YUG"]
[EventCategory "10"]
[SourceTitle "CBM 076"]
[Source "ChessBase"]
[SourceDate "2000.05.31"]
[SourceVersion "1"]
[SourceVersionDate "2000.05.31"]
[SourceQuality "1"]

1. e4 e6 2. d4 d5 3. Nc3 Nf6 4. e5 Nfd7 5. f4 c5 6. Nf3 Nc6 7. Be3 cxd4 8. Nxd4
Bc5 9. Qd2 O-O (9... Bxd4 10. Bxd4 Nxd4 11. Qxd4 Qb6 $13) 10. O-O-O a6 11. h4
Nxd4 12. Bxd4 b5 13. Rh3 {In this position were played handreds of games,but
so far white didn't manage to show clear way to equality and black's results
in this variation are quiet satisfactory.} (13. h5 b4 14. Ne2 (14. Na4 Bxd4 15.
Qxd4 a5 {Nunn,J-Lputian,S/Manila ol/1992/} (15... f6 $1 $36)) 14... a5 15. Bxc5
Nxc5 16. Qe3 Qb6 {Smirin,A-Lputian,S/Rostov/1993/}) 13... b4 (13... Qb6 14. h5
Ra7 15. Rg3 Bxd4 16. Qxd4 Qxd4 17. Rxd4 Nb8 18. Rd2 Nc6 19. Ne2 b4 20. Nd4 Bd7
$10 {Tischbierek,R-Zysk,R/BL9293/}) (13... Bb7 $5 14. h5 b4 15. Na4 Bxd4 16.
Qxd4 Qa5 17. b3 Bc6 18. Nb2 Rfc8 $1 $10 {Tischbierek,R-Knaak,R/BL9293/}) 14.
Na4 Bxd4 15. Qxd4 a5 (15... f6 $6 $146 16. Qxb4 $1 fxe5 17. Qd6 $1 Qf6 18. f5
$3 Qh6+ 19. Kb1 Rxf5 20. Rf3 $1 Rxf3 21. gxf3 $16 {Kasparov,G-Short,N/
Amsterdam VSB 1994}) (15... Qa5 16. b3 Bb7 17. c3 $1 (17. Kb1 Bc6 18. c3 $14)
17... Rfc8 18. Kb2 bxc3+ 19. Rxc3 Rxc3 20. Qxc3 $14 {Nijboer,F-Luther,T/
Leuwaarden/1992/}) 16. Bb5 (16. c4 $5 bxc3 17. Rxc3 Qxh4 18. g3 Qd8 19. Kb1 Ba6
20. Bxa6 Rxa6 21. Rh1 $13 {Nijboer,F-Korchnoi,V/Sonsbeek SNS 1999}) (16. b3 $6
Ba6 17. Kb1 Bxf1 18. Rxf1 Qc7 19. h5 Ra6 20. Re3 Rc6 21. Rf2 f6 22. Ree2 h6 $15
{Kulish,I-Matveeva,S/Rostov on Don-W 1995}) 16... Rb8 (16... Qc7 17. Kb1 Rb8
18. c4 Nb6 19. c5 Nxa4 20. Bxa4 Ba6 21. Rc1 Rfc8 $132 {De la Riva,O-Comas
Fabrego,L/Barcelona op 1996}) 17. Bd3 (17. Be2 Bb7 18. Kb1 Bc6 19. Nc5 Bb5 20.
Bd3 Nxc5 21. Qxc5 Qd7 22. Qf2 $13 {De la Riva Aguado,O-Glek,I/Open 1999}) 17...
Bb7 ({More logical seems} 17... Qc7 $5 {[%csl Ge5] Finkel,A preventing the
advance of f-pawn:} 18. h5 (18. Re1 Qc6 19. b3 Ba6 20. Bxa6 Qxa6 21. Rg3 Rbc8
22. f5 Qc6 23. Re2 Kh8 $13 {Arakhamia,K-Matveeva,S/Kishinev izt-W 1995}) 18...
Bb7 19. g4 Rfc8 20. Rh2 Qc6 21. b3 Ba6 22. Bxa6 Qxa6 23. f5 Qc6 24. Qf4 Qc7 $13
{Fogarasi,T-Luther,T/Kecskemet 1993}) 18. f5 Bc6 $5 {Probably this move is an
improvment comparing to 18...Qc7,which was tried without success by Kortchnoi:}
(18... Qc7 19. Re1 exf5 20. Bxf5 Bc6 21. Nc5 Nxc5 22. Qxc5 Rfe8 23. Rhe3 Qb6
24. Qxb6 Rxb6 25. e6 $14 {Fedorov,A-Kortschnoj,V/EU-chT 1999}) 19. Nc5 ({
Worth an attention} 19. Rg3 $5 exf5 (19... Bxa4 $6 20. Qg4 g6 21. fxg6 fxg6 22.
Bxg6 Nxe5 $2 (22... Kh8 23. Bxh7 Qe7 (23... Rg8 24. Qh5) 24. Bg6 Rf7 (24... Rf5
) 25. Bxf7 Qxf7 26. Qg5 $16) 23. Bxh7+ Kf7 24. Qg7+ Ke8 25. Qxe5 $18) 20. e6
Qf6 21. Bxf5 $5 Qxd4 22. Rxd4 fxe6 23. Bxe6+ Kh8 24. Bxd7 Bxd7 25. Nc5 Bc6 $13)
19... Nxc5 ({Strangely enough after} 19... Qb6 $2 {black finds himself under
sever attack:} 20. f6 $1 (20. Rg3 $2 Nxc5 21. Qg4 Nxd3+ 22. Rdxd3 g6 $19) (20.
fxe6 $2 Nxc5 21. e7 Rfe8 $19) 20... Nxc5 (20... Qxc5 $2 21. Qg4 g6 22. Qg5 Rfc8
23. h5 Bb5 24. hxg6 fxg6 25. Bxg6 $1 $18) 21. Qg4 Nxd3+ 22. Rdxd3 g6 23. h5 $1
{[%cal Gh5g6]} Rb7 $8 {[%csl Rh7][%cal Gb7h7]} 24. Qg5 $1 Kh8 25. Qh6 Rg8 26.
hxg6 fxg6 27. Qxh7+ $3 Rxh7 28. Rxh7+ Kxh7 29. Rh3#) 20. Qxc5 Qb6 21. Qxb6 Rxb6
22. Rf3 (22. f6 $5) 22... Rc8 23. fxe6 $6 {Losing the symbolical advantage
that white had after the opening.} fxe6 24. Rf4 Bb5 25. Kd2 (25. Bxb5 Rxb5 26.
Rdf1 Rbc5 27. R1f2 Rc4 $11) 25... Bxd3 26. cxd3 Rbc6 27. Ke3 Rf8 {Now the
position is absolutely equal and a draw agreement could come every minute,but
the game wnt on for 20 more moves...} (27... Rc2 28. Rd2 $11) 28. Rxf8+ Kxf8
29. Rf1+ Ke7 30. Kd2 h5 31. b3 Rc8 32. g3 g5 33. Rf6 gxh4 34. gxh4 Rg8 35. Rh6
Rg2+ 36. Ke3 Kf7 (36... Rxa2 $5 37. Rh7+ Kf8 38. Kf4 Rb2 39. Kg5 Rxb3 40. Kf6
Kg8 41. Rg7+ Kh8 42. Kf7 $11) 37. Rxh5 Kg6 38. Rh8 Kf5 39. Rh5+ (39. d4 Rg3+ (
39... Rxa2 $4 40. Rg8 $18 {[%csl Rf5]}) 40. Kf2 Rd3 41. Rf8+ Kg4 42. Rf6 Rxd4
43. Rxe6 Kf5 $15) 39... Kg6 40. Rh8 Kf5 41. Rh5+ Kg6 42. Rg5+ Rxg5 43. hxg5
Kxg5 44. Kf3 Kf5 45. d4 1/2-1/2